[Event "Karposh Open 2015"]
[Site "Skopje MKD"]
[Date "2015.03.27"]
[Round "1.50"]
[White "Enchev, Ivajlo"]
[Black "Gjorgjevski, Janco"]
[Result "1-0"]
[WhiteElo "2395"]
[BlackElo "1921"]
[PlyCount "77"]
[EventDate "2015.03.27"]
[EventType "swiss"]
[EventRounds "9"]
[EventCountry "MKD"]
[Source "lmi"]
[SourceDate "2015.03.27"]

1. d4 d5 2. Nf3 c6 3. Bf4 Nf6 4. e3 e6 5. c4 Bd6 6. Bg3 Ne4 7. Nc3 Nxg3 8. hxg3
Nd7 9. Qc2 h6 10. g4 g5 11. O-O-O Qf6 12. Kb1 Bb4 13. Bd3 Bxc3 14. Qxc3 dxc4
15. Bxc4 b5 16. Bd3 Bb7 17. Nd2 Rc8 18. Ne4 Qe7 19. Rc1 Kf8 20. d5 f6 21. dxe6
Qxe6 22. Nxg5 Qxg4 23. Ne4 Qe6 24. Rh5 a5 25. Nc5 Nxc5 26. Qxc5+ Qe7 27. Qf5
Rd8 28. Be4 Rd6 29. Qf4 Kg7 30. Rch1 Re6 31. Qg3+ Kf8 32. Rxh6 Rxh6 33. Rxh6
Qg7 34. Rg6 Qf7 35. Qb8+ Re8 36. Qd6+ Qe7 37. Rxf6+ Kg7 38. Qg3+ Kxf6 39. Qg6+
1-0

[Event "Karposh Open 2015"]
[Site "Skopje MKD"]
[Date "2015.03.27"]
[Round "1.51"]
[White "Eldemir, Goksu"]
[Black "Musat, Adrian"]
[Result "0-1"]
[WhiteElo "1919"]
[BlackElo "2394"]
[PlyCount "37"]
[EventDate "2015.03.27"]
[EventType "swiss"]
[EventRounds "9"]
[EventCountry "MKD"]
[Source "lmi"]
[SourceDate "2015.03.27"]

1. e4 c5 2. Nc3 Nc6 3. g3 g6 4. Bg2 Bg7 5. d3 d6 6. f4 Nf6 7. Nf3 Bg4 8. h3
Bxf3 9. Bxf3 Nd7 10. O-O O-O 11. Nd5 e6 12. Ne3 Rb8 13. Bg2 b5 14. h4 b4 15. f5
Nd4 16. Bh3 exf5 17. exf5 Nf6 18. Bg2 Re8 19. Bc6 0-1

[Event "Karposh Open 2015"]
[Site "Skopje MKD"]
[Date "2015.03.27"]
[Round "1.52"]
[White "Todorovic, Goran N"]
[Black "Kuruz, Yusuf"]
[Result "0-1"]
[WhiteElo "2388"]
[BlackElo "1913"]
[PlyCount "102"]
[EventDate "2015.03.27"]
[EventType "swiss"]
[EventRounds "9"]
[EventCountry "MKD"]
[Source "lmi"]
[SourceDate "2015.03.27"]

1. Nf3 Nf6 2. c4 c6 3. g3 d5 4. Bg2 dxc4 5. Qc2 g6 6. Qxc4 Bg7 7. d3 O-O 8. O-O
Be6 9. Qc2 Qc8 10. Re1 Bh3 11. Bh1 Na6 12. a3 Nc7 13. Nbd2 Ne6 14. b4 Qd7 15.
Bb2 Bh6 16. Nc4 Ng5 17. Nxg5 Bxg5 18. Bc1 Bxc1 19. Raxc1 Nd5 20. Qd2 Kg7 21.
Ne5 Qd6 22. d4 Rad8 23. Red1 Nb6 24. Qc3 f6 25. Nf3 Nd5 26. Qc2 Qe6 27. e4 Nf4
28. Ne1 Nh5 29. d5 cxd5 30. exd5 Qa6 31. Qe4 Qd6 32. Qe3 a6 33. Nd3 Bg4 34. Re1
Rf7 35. Nc5 Bc8 36. Ne6+ Bxe6 37. dxe6 Rff8 38. Bxb7 f5 39. Rc6 Qd5 40. Rc7 Qd6
41. Rc6 Qd5 42. Rb6 Qa2 43. Rxa6 f4 44. Qe5+ Kg8 45. g4 Nf6 46. h3 Rd3 47. Bg2
f3 48. Ra1 Qc4 49. Ra7 fxg2 50. Rxe7 Rxh3 51. f4 Qc2 0-1

[Event "Karposh Open 2015"]
[Site "Skopje MKD"]
[Date "2015.03.27"]
[Round "1.53"]
[White "Atanasov, Sande"]
[Black "Codenotti, Marco"]
[Result "0-1"]
[WhiteElo "1886"]
[BlackElo "2385"]
[PlyCount "72"]
[EventDate "2015.03.27"]
[EventType "swiss"]
[EventRounds "9"]
[EventCountry "MKD"]
[Source "lmi"]
[SourceDate "2015.03.27"]

1. e4 c5 2. Nc3 g6 3. Bc4 Bg7 4. f4 e6 5. Qf3 Nc6 6. Nge2 Na5 7. d3 Nxc4 8.
dxc4 Ne7 9. g4 O-O 10. Be3 b5 11. cxb5 Qb6 12. Qf2 d6 13. a4 f5 14. gxf5 exf5
15. b4 fxe4 16. a5 Qc7 17. bxc5 dxc5 18. Ra3 Nf5 19. Bxc5 e3 20. Bxe3 Nxe3 21.
Qxe3 Bg4 22. b6 axb6 23. axb6 Qc6 24. Nd5 Qxd5 25. Rg1 Rxa3 26. Qxa3 Bxe2 27.
Kxe2 Bd4 28. Rg3 Re8+ 29. Kd2 Bxb6+ 30. Rd3 Be3+ 31. Kc3 Qc6+ 32. Kb2 Rb8+ 33.
Rb3 Bd4+ 34. Kc1 Qh1+ 35. Kd2 Re8 36. Rg3 Qe1+ 0-1

[Event "Karposh Open 2015"]
[Site "Skopje MKD"]
[Date "2015.03.27"]
[Round "1.54"]
[White "Mazi, Leon"]
[Black "Cvetkovski, Slobodan"]
[Result "1-0"]
[WhiteElo "2382"]
[BlackElo "1885"]
[PlyCount "67"]
[EventDate "2015.03.27"]
[EventType "swiss"]
[EventRounds "9"]
[EventCountry "MKD"]
[Source "lmi"]
[SourceDate "2015.03.27"]

1. e4 e6 2. d3 d5 3. Nd2 Nf6 4. Ngf3 Be7 5. g3 O-O 6. Bg2 c5 7. O-O Nc6 8. e5
Ne8 9. Re1 f5 10. exf6 Bxf6 11. Nf1 Nd4 12. Ne3 Nxf3+ 13. Bxf3 g6 14. Bg2 Nd6
15. Ng4 Bg7 16. f4 Nf7 17. c3 Qd6 18. Qe2 Bd7 19. Be3 Rae8 20. d4 c4 21. h4 h5
22. Ne5 Nxe5 23. dxe5 Qc7 24. g4 hxg4 25. Qxg4 Kf7 26. h5 gxh5 27. Qxh5+ Kg8
28. Bh3 Re7 29. Re2 Ref7 30. Rf1 b6 31. Rh2 Re7 32. Rf3 Qc8 33. Rg3 Rff7 34.
Bxe6 1-0

[Event "Karposh Open 2015"]
[Site "Skopje MKD"]
[Date "2015.03.27"]
[Round "1.55"]
[White "Minko, Dmitry"]
[Black "Dancevski, Orce"]
[Result "0-1"]
[WhiteElo "1885"]
[BlackElo "2370"]
[PlyCount "72"]
[EventDate "2015.03.27"]
[EventType "swiss"]
[EventRounds "9"]
[EventCountry "MKD"]
[Source "lmi"]
[SourceDate "2015.03.27"]

1. e4 d5 2. exd5 Nf6 3. d4 Nxd5 4. c4 Nb6 5. c5 Nd5 6. Bc4 c6 7. Nf3 Bg4 8. Nc3
e6 9. h3 Bh5 10. O-O Be7 11. Re1 Nd7 12. Ne4 O-O 13. Ng3 Bg6 14. Ne4 b6 15.
cxb6 axb6 16. Bxd5 exd5 17. Nc3 Bf6 18. Bf4 Re8 19. Qd2 Be4 20. Nxe4 Rxe4 21.
Rxe4 dxe4 22. Ng5 Qe7 23. Re1 Bxg5 24. Bxg5 Qe6 25. b3 Qd5 26. Bf4 h6 27. Qc2
g5 28. Bc1 Re8 29. h4 gxh4 30. Bxh6 Re6 31. Be3 Nf6 32. Qc4 Qf5 33. Rc1 Nd5 34.
Qe2 Rg6 35. a4 Qh3 36. Kf1 Qh1# 0-1

[Event "Karposh Open 2015"]
[Site "Skopje MKD"]
[Date "2015.03.27"]
[Round "1.56"]
[White "Arat, Ufuk Sezen"]
[Black "Georgieva, Emilia"]
[Result "1-0"]
[WhiteElo "2361"]
[BlackElo "1882"]
[PlyCount "79"]
[EventDate "2015.03.27"]
[EventType "swiss"]
[EventRounds "9"]
[EventCountry "MKD"]
[Source "lmi"]
[SourceDate "2015.03.27"]

1. d4 c6 2. c4 d5 3. Nf3 Nf6 4. Nc3 a6 5. a4 Bg4 6. Ne5 Bf5 7. g3 e6 8. Bg2
Nbd7 9. O-O Nxe5 10. dxe5 Ng4 11. cxd5 cxd5 12. Qb3 Bc5 13. Be4 g5 14. Qxb7 O-O
15. Bd2 Nxe5 16. Rad1 Rb8 17. Qxa6 Rb6 18. Qa5 Qe7 19. Nb5 Rfb8 20. Qc3 Nc4 21.
b4 Ra6 22. bxc5 Rxa4 23. Nd6 Nxd6 24. cxd6 Qxd6 25. Bxg5 d4 26. Qc6 Qxc6 27.
Bxc6 Rc4 28. Bf3 Kg7 29. Bg4 Rd8 30. Rc1 Rxc1 31. Rxc1 f6 32. h4 e5 33. Rc7+
Kg8 34. Bh6 e4 35. Bh5 Bg6 36. Bxg6 hxg6 37. Rg7+ Kh8 38. Rxg6 d3 39. exd3 exd3
40. Bd2 1-0

[Event "Karposh Open 2015"]
[Site "Skopje MKD"]
[Date "2015.03.27"]
[Round "1.57"]
[White "Batkoski, Nenad"]
[Black "Yurtseven, Melih"]
[Result "0-1"]
[WhiteElo "1879"]
[BlackElo "2356"]
[PlyCount "72"]
[EventDate "2015.03.27"]
[EventType "swiss"]
[EventRounds "9"]
[EventCountry "MKD"]
[Source "lmi"]
[SourceDate "2015.03.27"]

1. e4 c5 2. Nf3 a6 3. c3 e6 4. d4 d5 5. exd5 exd5 6. Bd3 c4 7. Bc2 Bd6 8. Ng5
Qe7+ 9. Qe2 Qxe2+ 10. Kxe2 f6 11. Nf3 Nc6 12. Re1 Nge7 13. b3 b5 14. a4 Rb8 15.
Kf1 Kf7 16. Bd2 Bg4 17. axb5 axb5 18. Ra6 Ra8 19. Rxe7+ Kxe7 20. Rxc6 Bxf3 21.
gxf3 Ra2 22. bxc4 bxc4 23. Rxd6 Kxd6 24. Bd1 g5 25. Be3 Ra1 26. Bc2 Rb8 27.
Bxh7 Rbxb1+ 28. Bxb1 Rxb1+ 29. Ke2 Ke6 30. Kd2 Kf5 31. Kc2 Rh1 32. Kb2 Rxh2 33.
Ka3 Rh3 34. Kb4 Rxf3 35. Kc5 Ke6 36. Kb4 g4 0-1

[Event "Karposh Open 2015"]
[Site "Skopje MKD"]
[Date "2015.03.27"]
[Round "1.58"]
[White "Nikolov, Sasho"]
[Black "Bal, Enes Emre"]
[Result "1-0"]
[WhiteElo "2355"]
[BlackElo "1859"]
[PlyCount "81"]
[EventDate "2015.03.27"]
[EventType "swiss"]
[EventRounds "9"]
[EventCountry "MKD"]
[Source "lmi"]
[SourceDate "2015.03.27"]

1. e4 c5 2. Nf3 g6 3. Bc4 Bg7 4. O-O Nc6 5. c3 e6 6. Re1 Nge7 7. Bf1 O-O 8. d3
d5 9. Nbd2 b5 10. h3 a5 11. a4 b4 12. c4 Qc7 13. Qe2 dxe4 14. dxe4 e5 15. Nb3
Nd4 16. Nfxd4 cxd4 17. Bg5 f6 18. Bh4 Be6 19. f4 Nc8 20. Bf2 Nd6 21. Nd2 Nb7
22. Qf3 Nc5 23. f5 Bd7 24. fxg6 hxg6 25. Qg3 f5 26. exf5 gxf5 27. Bxd4 f4 28.
Qxg7+ Kxg7 29. Bxe5+ Qxe5 30. Rxe5 Rac8 31. Ne4 Nb3 32. Re7+ Rf7 33. Rxf7+ Kxf7
34. Rd1 Rc7 35. Nd6+ Ke6 36. Nb5 Bxb5 37. cxb5 Nc5 38. Bc4+ Ke5 39. Rd5+ Ke4
40. b6 Rc8 41. Rxc5 1-0

[Event "Karposh Open 2015"]
[Site "Skopje MKD"]
[Date "2015.03.27"]
[Round "1.59"]
[White "Ajrula, Adnan"]
[Black "Markoja, Boris"]
[Result "0-1"]
[WhiteElo "1858"]
[BlackElo "2353"]
[PlyCount "94"]
[EventDate "2015.03.27"]
[EventType "swiss"]
[EventRounds "9"]
[EventCountry "MKD"]
[Source "lmi"]
[SourceDate "2015.03.27"]

1. d4 g6 2. Nf3 Bg7 3. e4 c6 4. Bc4 d5 5. exd5 cxd5 6. Bb5+ Bd7 7. Bxd7+ Nxd7
8. O-O Ngf6 9. c3 O-O 10. Re1 e6 11. Bg5 Qb6 12. Qb3 Ne4 13. Nbd2 Nxg5 14. Nxg5
a5 15. Ngf3 a4 16. Qxb6 Nxb6 17. b3 Rfc8 18. Rec1 axb3 19. Nxb3 Na4 20. Rc2
Rxc3 21. Rac1 Rac8 22. Rxc3 Rxc3 23. Rb1 Rc2 24. Ra1 Nc3 25. a4 Rb2 26. Nc5
Ne2+ 27. Kf1 Nxd4 28. Nd3 Nxf3 29. gxf3 Rb3 30. Rd1 b6 31. Ke2 Ra3 32. Rc1 Bd4
33. Rc8+ Kg7 34. Ra8 Ra2+ 35. Ke1 b5 36. a5 Rxa5 37. Rb8 e5 38. Kf1 e4 39. fxe4
dxe4 40. Nf4 Be5 41. Re8 Bxf4 42. Rxe4 g5 43. h4 Ra4 44. Re7 gxh4 45. Kg2 Ra3
46. f3 Ra2+ 47. Re2 Rxe2+ 0-1

[Event "Karposh Open 2015"]
[Site "Skopje MKD"]
[Date "2015.03.27"]
[Round "1.63"]
[White "Gulsoy, Mustafa Alpago"]
[Black "Percivaldi, Martin"]
[Result "1/2-1/2"]
[WhiteElo "1842"]
[BlackElo "2344"]
[PlyCount "176"]
[EventDate "2015.03.27"]
[EventType "swiss"]
[EventRounds "9"]
[EventCountry "MKD"]
[Source "lmi"]
[SourceDate "2015.03.27"]

1. e4 e6 2. d4 d5 3. exd5 exd5 4. Bd3 Nc6 5. c3 Bd6 6. Ne2 Nge7 7. Bf4 Bg4 8.
Qd2 Bxe2 9. Bxe2 Ng6 10. Bg3 Nce7 11. O-O f5 12. Bxd6 Qxd6 13. Na3 c6 14. Rfe1
O-O 15. Bd3 Rae8 16. Qe3 Nf4 17. Bf1 Kh8 18. g3 Nfg6 19. Re2 Qb8 20. Rae1 Rd8
21. Bh3 Nc8 22. Qg5 Nd6 23. Re6 Qc8 24. Qh5 Kg8 25. f3 Qc7 26. Nc2 Qf7 27. Qg5
Ne4 28. fxe4 Qxe6 29. exf5 Qf7 30. Re2 Nh8 31. Re7 Qf6 32. Qxf6 gxf6 33. Rxb7
Rf7 34. Rxf7 Nxf7 35. Nb4 Rc8 36. Nd3 Nd6 37. Nc5 Kf7 38. Kf2 Rb8 39. b3 Re8
40. Bg4 Ne4+ 41. Nxe4 Rxe4 42. Bh5+ Kf8 43. Bf3 Re7 44. c4 Rd7 45. Ke3 a5 46.
Kd3 Ke7 47. Kc3 Kd6 48. c5+ Kc7 49. a3 Rg7 50. Kd3 Rg8 51. Kd2 Rb8 52. Kc3 h5
53. Bxh5 Rh8 54. g4 Rh7 55. Kd3 Re7 56. h4 Re4 57. Bg6 Rxg4 58. h5 Rg3+ 59. Kc2
Rh3 60. Be8 Kb7 61. Bf7 Kc8 62. b4 a4 63. b5 cxb5 64. Bxd5 Rxh5 65. Kc3 Kc7 66.
Be6 Kc6 67. Bf7 Rxf5 68. Be8+ Kd5 69. Bf7+ Kc6 70. Be8+ Kb7 71. Bxb5 Rf3+ 72.
Kb4 f5 73. Bxa4 Rd3 74. Kc4 Rxa3 75. Bb5 f4 76. Kd5 Kc7 77. Ke5 f3 78. d5 f2
79. d6+ Kc8 80. Bf1 Ra1 81. Bh3+ Kb7 82. Bg2+ Kb8 83. c6 Re1+ 84. Kf6 f1=Q+ 85.
Bxf1 Rxf1+ 86. Ke7 Rc1 87. Kd7 Rxc6 88. Kxc6 Kc8 1/2-1/2

[Event "Karposh Open 2015"]
[Site "Skopje MKD"]
[Date "2015.03.27"]
[Round "1.64"]
[White "Maksimovic, Branimir"]
[Black "Aydincelebi, Kagan"]
[Result "1-0"]
[WhiteElo "2339"]
[BlackElo "1832"]
[PlyCount "129"]
[EventDate "2015.03.27"]
[EventType "swiss"]
[EventRounds "9"]
[EventCountry "MKD"]
[Source "lmi"]
[SourceDate "2015.03.27"]

1. c4 e5 2. g3 Nf6 3. Bg2 d5 4. cxd5 Nxd5 5. Nc3 Nb6 6. Nf3 Nc6 7. d3 Be7 8.
O-O O-O 9. a3 Re8 10. b4 Bf8 11. Bb2 Bg4 12. h3 Bh5 13. Rc1 a5 14. b5 Nd4 15.
g4 Bg6 16. Ne1 Rb8 17. e3 Ne6 18. Ne4 f6 19. f4 exf4 20. exf4 Bf7 21. f5 Nd4
22. Nf3 Nxb5 23. g5 Bxa3 24. Bxa3 Nxa3 25. gxf6 gxf6 26. Rc5 Rxe4 27. dxe4 Nbc4
28. Qxd8+ Rxd8 29. Rxc7 b5 30. e5 Nxe5 31. Nxe5 fxe5 32. f6 b4 33. Be4 Nb5 34.
Bxh7+ Kxh7 35. Rxf7+ Kh6 36. Re7 Nc3 37. f7 Rf8 38. Rxe5 b3 39. Re3 Rxf7 40.
Rxf7 b2 41. Rb7 b1=Q+ 42. Rxb1 Nxb1 43. Rb3 Nd2 44. Ra3 Nc4 45. Ra4 Nb2 46.
Rxa5 Nd3 47. Kg2 Nf4+ 48. Kg3 Nh5+ 49. Kg4 Nf6+ 50. Kf5 Nh7 51. Ra7 Ng5 52. Kg4
Ne4 53. Ra6+ Kg7 54. Kf5 Ng3+ 55. Ke5 Nh5 56. h4 Ng3 57. Kf4 Nh5+ 58. Kg5 Ng3
59. Ra7+ Kf8 60. Ra4 Ne2 61. Rc4 Ng1 62. Kg4 Ne2 63. Kf3 Ng1+ 64. Kf2 Nh3+ 65.
Kg2 1-0

[Event "Karposh Open 2015"]
[Site "Skopje MKD"]
[Date "2015.03.27"]
[Round "1.66"]
[White "Emiroglu, Cankut"]
[Black "Daghan, Devran"]
[Result "1-0"]
[WhiteElo "2338"]
[BlackElo "1820"]
[PlyCount "93"]
[EventDate "2015.03.27"]
[EventType "swiss"]
[EventRounds "9"]
[EventCountry "MKD"]
[Source "lmi"]
[SourceDate "2015.03.27"]

1. e4 d6 2. d4 g6 3. Nc3 Bg7 4. Nf3 c6 5. Be2 Qc7 6. O-O Nd7 7. a4 a6 8. Be3 b6
9. Qd2 h6 10. h3 e6 11. Rfe1 Ne7 12. Bf1 Bb7 13. Rad1 O-O-O 14. b4 e5 15. b5
axb5 16. axb5 c5 17. dxc5 Nxc5 18. Bxc5 dxc5 19. Qe2 Rxd1 20. Rxd1 f5 21. Qc4
Rd8 22. Qe6+ Kb8 23. Rxd8+ Qxd8 24. Bd3 Bc8 25. Qf7 Qf8 26. Qxf8 Bxf8 27. exf5
gxf5 28. Nxe5 Bg7 29. f4 Be6 30. Kf2 Bxe5 31. fxe5 c4 32. Be2 Ng6 33. Ke3 Nxe5
34. Kd4 Ng6 35. Bh5 Nh4 36. Ke5 Bd7 37. Kd6 Kc8 38. Bf3 f4 39. Nd5 Bxh3 40.
Nxb6+ Kb8 41. gxh3 Nxf3 42. Nxc4 Nd4 43. Ke5 Nxb5 44. Kxf4 Kc7 45. Kg4 Nd4 46.
Ne3 Kd6 47. Nf5+ 1-0

[Event "Karposh Open 2015"]
[Site "Skopje MKD"]
[Date "2015.03.27"]
[Round "1.67"]
[White "Zdravkovic, Dragan S"]
[Black "Akhmetov, Ayan"]
[Result "0-1"]
[WhiteElo "1806"]
[BlackElo "2335"]
[PlyCount "66"]
[EventDate "2015.03.27"]
[EventType "swiss"]
[EventRounds "9"]
[EventCountry "MKD"]
[Source "lmi"]
[SourceDate "2015.03.27"]

1. Nf3 d5 2. g3 Nf6 3. Bg2 Bf5 4. O-O c6 5. b3 e6 6. Bb2 Be7 7. d3 h6 8. Nbd2
O-O 9. Re1 Bh7 10. c4 Nbd7 11. Qc2 a5 12. a3 Qb6 13. h3 Rfe8 14. Rad1 Bc5 15.
e3 e5 16. Nh2 Bf8 17. Nb1 Nc5 18. Nc3 d4 19. Na4 Qxb3 20. Qxb3 Nxb3 21. g4 Rad8
22. exd4 Nxd4 23. Bf1 b5 24. Nc3 Nc2 25. Re2 Nxa3 26. cxb5 Nxb5 27. Nxb5 cxb5
28. Rxe5 Rxe5 29. Bxe5 Nd5 30. d4 b4 31. Ra1 b3 32. Rxa5 b2 33. Rb5 Nb4 0-1

[Event "Karposh Open 2015"]
[Site "Skopje MKD"]
[Date "2015.03.27"]
[Round "1.68"]
[White "Theodorou, Nikolas"]
[Black "Gulden, Egemen"]
[Result "1-0"]
[WhiteElo "2334"]
[BlackElo "1803"]
[PlyCount "77"]
[EventDate "2015.03.27"]
[EventType "swiss"]
[EventRounds "9"]
[EventCountry "MKD"]
[Source "lmi"]
[SourceDate "2015.03.27"]

1. Nf3 g6 2. c4 Bg7 3. Nc3 Nc6 4. d4 d6 5. d5 Nb8 6. g3 e5 7. dxe6 Bxe6 8. Nd4
Ne7 9. Bg2 Nbc6 10. Nxe6 fxe6 11. h4 Nf5 12. h5 Qe7 13. Qb3 Nfd4 14. Qxb7 O-O
15. O-O Rab8 16. Qa6 Rb6 17. Qa4 Rb4 18. Qd1 Rxc4 19. hxg6 hxg6 20. e3 Nf5 21.
Nd5 Qf7 22. Nf4 Nce7 23. e4 Nd4 24. Qd3 Rb4 25. Bd2 Rbb8 26. Bc3 c5 27. Bxd4
Bxd4 28. Bh3 Kh7 29. Bxe6 Qf6 30. Bb3 Bxb2 31. Rad1 Bd4 32. Kg2 Rf7 33. Rh1+
Kg8 34. Rb1 Rxb3 35. Rxb3 g5 36. Rb8+ Rf8 37. e5 Qf7 38. e6 Qf6 39. Qh7# 1-0

[Event "Karposh Open 2015"]
[Site "Skopje MKD"]
[Date "2015.03.27"]
[Round "1.69"]
[White "Jovchev, Riste"]
[Black "Nikolovski, Nikola"]
[Result "0-1"]
[WhiteElo "1803"]
[BlackElo "2332"]
[PlyCount "106"]
[EventDate "2015.03.27"]
[EventType "swiss"]
[EventRounds "9"]
[EventCountry "MKD"]
[Source "lmi"]
[SourceDate "2015.03.27"]

1. e4 c5 2. Nf3 d6 3. d4 cxd4 4. Nxd4 Nf6 5. Nc3 Nc6 6. Be2 e5 7. Nb3 h6 8. Be3
Be6 9. O-O Be7 10. h3 O-O 11. f4 exf4 12. Bxf4 Qb6+ 13. Kh1 Ne5 14. Nd5 Bxd5
15. exd5 Ng6 16. Bh2 Nd7 17. c3 Bf6 18. Qc2 Be5 19. Bxe5 Ndxe5 20. Nd4 Ne7 21.
Nf5 Nxf5 22. Rxf5 Qc5 23. Rd1 Rfe8 24. Rf4 Re7 25. Qd2 Rae8 26. Rdf1 b5 27.
R4f2 Rb7 28. Rf4 Qb6 29. Qd4 Ng6 30. Qxb6 Rxb6 31. R4f2 Re7 32. Bd1 b4 33. c4
Ne5 34. b3 Nd3 35. Rd2 Nc5 36. Re2 Rbb7 37. Rfe1 Kf8 38. Bc2 Rxe2 39. Rxe2 Re7
40. Rxe7 Kxe7 41. Kg1 Kf6 42. Kf2 Ke5 43. Ke3 f5 44. g3 g5 45. Bb1 Nd7 46. Kd3
f4 47. gxf4+ Kxf4 48. a3 Nc5+ 49. Kc2 a5 50. axb4 axb4 51. Kb2 h5 52. Bc2 g4
53. hxg4 hxg4 0-1

[Event "Karposh Open 2015"]
[Site "Skopje MKD"]
[Date "2015.03.27"]
[Round "1.70"]
[White "Dimic, Pavle"]
[Black "Nikolovski, Martin"]
[Result "1-0"]
[WhiteElo "2320"]
[BlackElo "1795"]
[PlyCount "117"]
[EventDate "2015.03.27"]
[EventType "swiss"]
[EventRounds "9"]
[EventCountry "MKD"]
[Source "lmi"]
[SourceDate "2015.03.27"]

1. d4 d5 2. Nf3 Nf6 3. c4 e6 4. Nc3 c6 5. e3 Bd6 6. Bd3 O-O 7. O-O Nbd7 8. e4
dxe4 9. Nxe4 Nxe4 10. Bxe4 Nf6 11. Bc2 h6 12. b3 c5 13. Bb2 b6 14. Qd3 cxd4 15.
Bxd4 Be7 16. Ne5 Bb7 17. Rfe1 Qd6 18. Rad1 Rfd8 19. Qh3 Qc7 20. Ng4 Qf4 21.
Nxf6+ Bxf6 22. Be3 Qh4 23. Qxh4 Bxh4 24. Bf4 Rac8 25. Bd6 Rd7 26. Be5 Rcd8 27.
Rxd7 Rxd7 28. Rd1 Rxd1+ 29. Bxd1 Be7 30. Bd4 Bd6 31. Bc2 Kf8 32. Bc3 e5 33. f3
Ke7 34. Kf2 Ke6 35. Be4 Bxe4 36. fxe4 f5 37. Kf3 g5 38. exf5+ Kxf5 39. g4+ Ke6
40. Ke4 a5 41. Be1 Bc5 42. Bc3 Bd6 43. Bb2 Bc7 44. Ba3 Bd8 45. Bf8 Bf6 46. c5
bxc5 47. Bxc5 Bd8 48. a4 Bc7 49. b4 axb4 50. Bxb4 h5 51. gxh5 g4 52. a5 Kf6 53.
Bd2 Ke6 54. a6 Bb8 55. Be3 Kf6 56. a7 Bxa7 57. Bxa7 Kg5 58. Bb8 Kxh5 59. Bxe5
1-0

[Event "Karposh Open 2015"]
[Site "Skopje MKD"]
[Date "2015.03.27"]
[Round "1.71"]
[White "Karatrajkov, Nikola"]
[Black "Vucinic, Gojko"]
[Result "0-1"]
[WhiteElo "1794"]
[BlackElo "2320"]
[PlyCount "116"]
[EventDate "2015.03.27"]
[EventType "swiss"]
[EventRounds "9"]
[EventCountry "MKD"]
[Source "lmi"]
[SourceDate "2015.03.27"]

1. e4 c5 2. Nf3 d6 3. d4 cxd4 4. Nxd4 Nf6 5. Nc3 a6 6. Be3 e5 7. Nb3 Be6 8. Be2
Be7 9. Qd2 Nbd7 10. f3 O-O 11. g4 b5 12. g5 b4 13. gxf6 bxc3 14. Qxc3 Nxf6 15.
O-O-O Qb8 16. Qa5 Rc8 17. Qb6 Qxb6 18. Bxb6 d5 19. exd5 Nxd5 20. Ba5 Ne3 21.
Rd2 Nc4 22. Bxc4 Rxc4 23. Rg2 Rf4 24. Rhg1 g6 25. Bc3 f6 26. Nd2 Rc8 27. Kb1
Bf5 28. Re1 Bb4 29. Ne4 Bxc3 30. bxc3 Bxe4 31. fxe4 Rxc3 32. Kb2 Rc4 33. Rge2
Kf7 34. Kb3 Rc5 35. a4 a5 36. Rd1 Ke6 37. Rd8 f5 38. Red2 fxe4 39. Rh8 e3 40.
Re2 Rb4+ 41. Ka3 Rc3+ 42. Ka2 h5 43. Rd8 Rd4 44. Re8+ Kf5 45. Kb2 Rdc4 46. Ra8
Ke4 47. Rf8 Rc5 48. Rf6 g5 49. Rg2 R3c4 50. Rf1 Rb4+ 51. Ka3 g4 52. h3 gxh3 53.
Rh2 Rc3+ 54. Ka2 Rxa4+ 55. Kb2 Rac4 56. Re2 a4 57. Rfe1 a3+ 58. Ka2 Kf3 0-1

[Event "Karposh Open 2015"]
[Site "Skopje MKD"]
[Date "2015.03.27"]
[Round "1.72"]
[White "Dinev, Dejan"]
[Black "Tsintsar, Zoran"]
[Result "1-0"]
[WhiteElo "2317"]
[BlackElo "1770"]
[PlyCount "95"]
[EventDate "2015.03.27"]
[EventType "swiss"]
[EventRounds "9"]
[EventCountry "MKD"]
[Source "lmi"]
[SourceDate "2015.03.27"]

1. Nf3 c5 2. c4 Nc6 3. g3 e6 4. Bg2 d5 5. O-O Nf6 6. b3 Be7 7. Bb2 d4 8. e3 e5
9. d3 dxe3 10. fxe3 Ng4 11. Qe2 Bg5 12. Nxg5 Qxg5 13. Rf3 Nf6 14. Rf1 Bg4 15.
Qd2 Rd8 16. Nc3 Bf5 17. Nd5 Nxd5 18. cxd5 Nb4 19. Qf2 Bg6 20. Rad1 O-O 21. e4
b6 22. a3 Na6 23. b4 cxb4 24. d4 bxa3 25. Bxa3 Rfe8 26. h4 Qg4 27. Bf3 Qd7 28.
h5 exd4 29. hxg6 hxg6 30. Qxd4 Qh3 31. Bb2 Qxg3+ 32. Bg2 f6 33. Rf3 Qd6 34. Ra3
Nc5 35. Rxa7 Rd7 36. Rxd7 Nxd7 37. Qa4 Kf7 38. Ba3 Nc5 39. Qc6 Qg3 40. Bxc5
bxc5 41. Qxc5 Rxe4 42. Qf2 Qg4 43. Qf3 Qxf3 44. Bxf3 Rc4 45. d6 Ke8 46. Bd5 Rc5
47. Be6 Rc6 48. Kf2 1-0

[Event "Karposh Open 2015"]
[Site "Skopje MKD"]
[Date "2015.03.27"]
[Round "1.73"]
[White "Aksoy, Atilla"]
[Black "Janzelj, Tim"]
[Result "0-1"]
[WhiteElo "1758"]
[BlackElo "2305"]
[PlyCount "68"]
[EventDate "2015.03.27"]
[EventType "swiss"]
[EventRounds "9"]
[EventCountry "MKD"]
[Source "lmi"]
[SourceDate "2015.03.27"]

1. Nf3 Nf6 2. d4 g6 3. c4 Bg7 4. Nc3 O-O 5. e3 d6 6. Bd3 Re8 7. O-O e5 8. dxe5
dxe5 9. e4 Na6 10. Qe2 c6 11. h3 Qc7 12. Be3 Bf8 13. a3 Nc5 14. Bxc5 Bxc5 15.
b4 Bf8 16. c5 Nh5 17. Bc4 Nf4 18. Qc2 Qe7 19. Ne2 Nh5 20. Rfd1 Qf6 21. Qc3 g5
22. Nh2 Qg7 23. Rd2 Nf4 24. Rad1 h5 25. Nf1 Qg6 26. Nxf4 exf4 27. f3 g4 28.
hxg4 hxg4 29. Nh2 g3 30. Nf1 Be6 31. Bd3 Bg7 32. e5 Qh5 33. Re1 Bd5 34. Ree2
Re6 0-1

[Event "Karposh Open 2015"]
[Site "Skopje MKD"]
[Date "2015.03.27"]
[Round "1.74"]
[White "Soysal, Serkan"]
[Black "Gjeorgjievski, Done"]
[Result "1-0"]
[WhiteElo "2302"]
[BlackElo "1747"]
[PlyCount "47"]
[EventDate "2015.03.27"]
[EventType "swiss"]
[EventRounds "9"]
[EventCountry "MKD"]
[Source "lmi"]
[SourceDate "2015.03.27"]

1. d4 Nf6 2. Nf3 g6 3. Nc3 d5 4. Bf4 Bg7 5. e3 O-O 6. Be2 Bd7 7. Ne5 e6 8. h4
Nc6 9. h5 Be8 10. hxg6 fxg6 11. Bg5 Qc8 12. f4 Nxe5 13. fxe5 Nd7 14. Bg4 Bf7
15. Qf3 Re8 16. O-O-O Nf8 17. Rdf1 Qd7 18. Nxd5 Qxd5 19. Qxf7+ Kh8 20. Bf6 Bxf6
21. Qxf6+ Kg8 22. Qf7+ Kh8 23. Rxh7+ Nxh7 24. Rh1 1-0

[Event "Karposh Open 2015"]
[Site "Skopje MKD"]
[Date "2015.03.27"]
[Round "1.75"]
[White "Tevdovski, Zoran"]
[Black "Cvetkovic, Srdjan"]
[Result "0-1"]
[WhiteElo "1735"]
[BlackElo "2296"]
[PlyCount "75"]
[EventDate "2015.03.27"]
[EventType "swiss"]
[EventRounds "9"]
[EventCountry "MKD"]
[Source "lmi"]
[SourceDate "2015.03.27"]

1. d4 Nf6 2. Bg5 Ne4 3. Bf4 d5 4. f3 Nf6 5. e3 c5 6. c3 Nc6 7. Bd3 Qb6 8. Qb3
c4 9. Qxb6 axb6 10. Bc2 b5 11. Na3 b4 12. Nb5 Ra5 13. a4 bxa3 14. Nc7+ Kd8 15.
Rxa3 e5 16. Rxa5 exf4 17. Ra1 Kxc7 18. exf4 Bd6 19. g3 b5 20. Ne2 b4 21. Kd2 b3
22. Bb1 h5 23. h4 Bd7 24. Rf1 Re8 25. Rf2 g6 26. Rh2 Ng8 27. Rh1 Nh6 28. Rh2
Nf5 29. Bxf5 Bxf5 30. Rg2 Kb6 31. Rf2 Bd7 32. Rh2 Ne7 33. Nc1 Nf5 34. Re2 Rd8
35. Na2 Nxg3 36. Nb4 Bxb4 37. cxb4 Nxe2 38. Kxe2 0-1

[Event "Karposh Open 2015"]
[Site "Skopje MKD"]
[Date "2015.03.27"]
[Round "1.76"]
[White "Ilic, Zoran S"]
[Black "Nikolov, Kole"]
[Result "1-0"]
[WhiteElo "2295"]
[BlackElo "1706"]
[PlyCount "49"]
[EventDate "2015.03.27"]
[EventType "swiss"]
[EventRounds "9"]
[EventCountry "MKD"]
[Source "lmi"]
[SourceDate "2015.03.27"]

1. d4 d5 2. Nf3 Nf6 3. c4 c6 4. Nc3 Bf5 5. cxd5 Nxd5 6. g3 Nxc3 7. bxc3 e6 8.
Nh4 Bg6 9. Bg2 Be7 10. Nxg6 hxg6 11. Rb1 Qc8 12. Qb3 b6 13. Qa4 O-O 14. Rxb6
axb6 15. Qxa8 c5 16. O-O g5 17. Be3 Qc7 18. Rb1 Nd7 19. Qa4 Rb8 20. Qb5 f5 21.
Bc6 f4 22. Bxd7 fxe3 23. Bxe6+ Kh8 24. fxe3 Bd6 25. Qd3 1-0